000 00319nam a22001217a 4500
008 160430b xxu||||| |||| 00| 0 eng d
020 _axx5545a
020 _a18005338850
041 _aeng
080 _a618.2
245 _aStrategies for launching your career;
_cJudith A. Burckhardt; Barbara J. Irwin;
942 _2udc
_cBK
999 _c1700
_d1700